[Event "Euskadi-ch"]
[Site "Amorebieta"]
[Date "2006.04.20"]
[Round "4"]
[White "Galarza Docampo, Karmel"]
[Black "Goiria Montoya, Anton"]
[Result "0-1"]
[WhiteElo "2129"]
[BlackElo "1932"]
[PlyCount "50"]
[EventDate "2006.04.18"]
[EventType "swiss"]
[EventRounds "7"]
[EventCountry "ESP"]
[SourceTitle "CBM 111 Extra"]
[Source "ChessBase"]
[SourceDate "2006.05.09"]
[SourceVersion "1"]
[SourceVersionDate "2006.05.09"]
[SourceQuality "1"]

1. d4 d5 2. c4 c6 3. Nc3 dxc4 4. e3 b5 5. a4 b4 6. Na2 e6 7. Bxc4 Bb7 8. Nf3 Nf6 9. 0-0 Be7 10. Bd2 a5 11. Nc1 0-0 12. Nb3 Nbd7 13. Qe2 Qb6 14. Rfc1 Rfc8 15. e4 c5 16. e5 Nd5 17. Bd3 cxd4 18. Nbxd4 Nc5 19. Bb1 Ba6 20. Nb5 Nxa4 21. Nfd4 Nxb2 22. Rxc8+ Rxc8 23. Qe4 g6 24. Nd6 Bxd6 25. exd6 Qxd6 0-1